000 00528nam a2200181Ia 4500
005 20250508162923.0
008 008 250505s9999 xx 000 0 eng d
037 _aTextual
040 _aFEDL
_beng
_cFEDL
041 _aeng
_2eng
084 _a954, MAL
_qFEDL
100 _aMalik S C
245 0 _aUnderstanding Indian civilization: A framework of enquiry
260 _aShimla, India
_bIndian institute of Advanced Study
_c1975
300 _axvii,138p
942 _cTEXL
_h954, MAL
999 _c1379437
_d1379437